000 00285nam a22001217a 4500
008 170717b xxu||||| |||| 00| 0 eng d
041 _aeng
080 _a821
100 _a21
101 _aGJL
245 _aMANUAL OF THE HISTORY OF FRENCH LITERATURE
_cBRUNETIERE, F
942 _2udc
_cBK
999 _c21364
_d21364